Planning gain (Record no. 115908)

MARC details
000 -LEADER
fixed length control field 01852cad a2200289 4500
001 - CONTROL NUMBER
control field L159447
008 - FIXED-LENGTH DATA ELEMENTS--GENERAL INFORMATION
fixed length control field 021021n2016 000 0 eng u
020 ## - INTERNATIONAL STANDARD BOOK NUMBER
International Standard Book Number 9781119075127
035 ## - SYSTEM CONTROL NUMBER
System control number (Sirsi) u159447
041 ## - LANGUAGE CODE
Language code of text/sound track or separate title 306.1
Languages of separate titles (VM) [OBSOLETE] ; Languages of available translation (SE) [OBSOLETE] 18
100 ## - MAIN ENTRY--PERSONAL NAME
Personal name Crook, Tony
245 ## - TITLE STATEMENT
Title Planning gain
Remainder of title providing infrastructure and affordable housing
Medium [electronic resource]
260 ## - PUBLICATION, DISTRIBUTION, ETC.
Place of publication, distribution, etc. Chichester
Name of publisher, distributor, etc. John Wiley & Sons
Date of publication, distribution, etc. 2016
300 ## - PHYSICAL DESCRIPTION
Extent ebook
520 ## - SUMMARY, ETC.
Summary, etc. Critically examines the development and implementation of planning gain. The book looks both at the British context as well as experience in other developed economies and takes stock of how the policy has evolved. It examines the rationale for planning gain, how it has delivered substantial funds for infrastructure and affordable housing and, in the light of this, how it might continue to play a role in the funding of these. It also draws on overseas experience, for example on impact fees and public sector land assembly. Mechanisms to tap development value are also a global phenomenon in developed market economies - whether through formal taxation or negotiated contributions. As fiscal austerity becomes an increasingly challenging issue, planning gain has grown in importance as a potential source of funding for infrastructure and new affordable housing, with many countries keen to examine, learn from, and adapt the experience of others.
650 ## - SUBJECT ADDED ENTRY--TOPICAL TERM
Topical term or geographic name entry element EBOOK
650 ## - SUBJECT ADDED ENTRY--TOPICAL TERM
Topical term or geographic name entry element Affordable housing
9 (RLIN) 6215
650 ## - SUBJECT ADDED ENTRY--TOPICAL TERM
Topical term or geographic name entry element HOUSING COMPLETIONS
650 ## - SUBJECT ADDED ENTRY--TOPICAL TERM
Topical term or geographic name entry element TOWN AND COUNTRY PLANNING ACT 1990 S106
650 ## - SUBJECT ADDED ENTRY--TOPICAL TERM
Topical term or geographic name entry element PLANNING GAIN
651 #4 - SUBJECT ADDED ENTRY--GEOGRAPHIC NAME
Geographic name ENGLAND AND WALES
690 ## - LOCAL SUBJECT ADDED ENTRY--TOPICAL TERM (OCLC, RLIN)
Topical term or geographic name as entry element Planning and development
9 (RLIN) 6259
700 ## - ADDED ENTRY--PERSONAL NAME
Personal name Henneberry, John
700 ## - ADDED ENTRY--PERSONAL NAME
Personal name Whitehead, Christine
856 ## - ELECTRONIC LOCATION AND ACCESS
Uniform Resource Identifier <a href="https://www.vlebooks.com/">https://www.vlebooks.com/</a>
Public note View on VLEbooks. Logins for members only from [email protected]
942 ## - ADDED ENTRY ELEMENTS (KOHA)
Suppress in OPAC 0
Holdings
Withdrawn status Lost status Source of classification or shelving scheme Damaged status Not for loan Home library Current library Shelving location Date acquired Total Checkouts Full call number Barcode Date last seen Copy number Price effective from Koha item type
    Dewey Decimal Classification     Virtual Virtual Online 24/07/2017   ONLINE PUBLICATION 159447-2001 06/08/2019 1 06/08/2019 Book